000 00581nam a2200229Ia 4500
003 OSt
005 20221007063634.0
006 a|||||r|||| 00| 0
007 ta
008 221006b |||||||| |||| 00| 0 eng d
024 _a20,651
037 _cTextual
040 _aFLL
_cFLL
_beng
041 _2eng
_aeng
082 _aZ2,1,6, L9
100 _aSen A.C.
_9256741
245 0 _aIndian succession act
260 _aCalcutta
_bEastern Law House India
_c1979
300 _a613p
_ccm.
942 _hZ2,1,6, L9
_cTEXL
_2CC
999 _c1131738
_d1131738